01170nam a2200301Ia 450000500170000000800410001702000180005802000150007604100080009110000320009924500810013125000360021230000250024849000180027350502320029165000450052365000470056865000340061570000290064994200150067826400260069333600270071933700330074633800280077904000350080708400110084299900150085320220317001825.0170410s2009 m g 000 j s  a9789706276629 a9706276629 aspa1 aPoe, Edgar Alland1809-184910aNarraciones extraordinariascEdgar Allan Poe ; traducción Jaime Gómez R. a1a. edición, 2a reimpresión a133 páginasc21 cm aNuevo Talento aEl gato negro -- La inhumación prematura -- El terible enigma del bizarro general Smith -- El corazón delator William Wilson -- La pérdida del aliento -- La caída de la casa Usher -- El pozo y el péndulo -- El cuervo142LEMBaCuentos estadounidensesySiglo XIX142LEMBaLiteratura estadounidenseySiglo XIX142LEMBaTerror en la literatura1 aGómez R., Jaime912995 2loccBKLIT aMéxicobepocac2009 atextobtxt2rdacontent asin mediaciónbn2rdamedia avolumenbnc2rdacarrier aCO-BoRNBPbspaerdacCO-BoRNBP aC POE4 c8216d8216